000 00551nam a2200181Ia 4500
999 _c34024
_d34024
003 OSt
005 20200911125922.0
008 190216s9999||||xx |||||||||||||| ||und||
020 _a9780521689182
040 _coclc
082 _a621.381078
_bHAY/S
100 _aHayes, Thomas C
_94552
245 0 _aStudent Manual For The Art Of Electronics /
_cThomas C Hayes ; Paul Horowitz
260 _bCambridge Uty Press,
_aUK:
_c2006.
300 _a614p
650 _aPhysics
942 _cBK
_2ddc
_h621.381078
_iHAY/S
_k621.381078
_mHAY/S